| 000 | 01093cam a22003377a 4500 | ||
|---|---|---|---|
| 003 | CHAP | ||
| 005 | 20220329142611.0 | ||
| 008 | 020326d2000 uk r 00110 eng d | ||
| 010 | _a85517 | ||
| 011 | _a86489 | ||
| 020 | _a0 521 66005 X | ||
| 035 | _a97027 | ||
| 040 | _cCHAP | ||
| 082 | 0 | 4 |
_a574.54 _bF67 |
| 100 | 0 | 0 |
_aFord, Edward David. _942295 |
| 245 | 1 | 0 |
_aScientific method for ecological research _c/by Edward David Ford |
| 260 |
_aCambridge, U.K. : _bCambridge University Press, _c2000. |
||
| 300 |
_a564 p. : _bgráfs. |
||
| 590 |
_aBATCH-UPD _b10 _c20130110 _lUCH01 _h0523 |
||
| 590 |
_aBATCH-UPD _b10 _c20130410 _lUCH01 _h0202 |
||
| 590 |
_aBATCH-UPD _b10 _c20130914 _lUCH01 _h0936 |
||
| 590 |
_aCONVERSION _b10 _c20130109 _lUCH01 _h1347 |
||
| 650 | 1 | 4 |
_aCiencia _xInvestigación. _923126 |
| 650 | 1 | 4 |
_aCiencia _xMetodología. _923129 |
| 650 | 1 | 4 |
_aEcología. _935134 |
| 650 | 1 | 4 |
_aEcología _xInvestigación. _935146 |
| 901 | _aBK | ||
| 905 | _aMayto Villalobos S- | ||
| 942 | _cLIBRO | ||
| 949 |
_a574.54 F67 _bBC _cLIBRO _d33724000866083 _eLIBRO _gI.212356 _h102239 _i97027 _si _t$513.00 |
||
| 999 |
_c85517 _d85517 |
||